| 000 | 00814cam a2200253 a 4500 | ||
|---|---|---|---|
| 003 | CO-ViMGA | ||
| 008 | 070323s1975 sp gr 000 0dspa d | ||
| 020 | _a9789588573304 | ||
| 040 |
_aCO-ViMGA _bspa _cCO-ViMGA |
||
| 041 | 1 | _heng | |
| 082 | 0 | 4 |
_a576.82 _bD17 _221 |
| 100 | 1 |
_aDarwin, Charles Robert _d1809-1882 _9996 |
|
| 245 | 1 | 3 |
_aEl Origen de las especies _cCharles Darwin ; Traducción José P. Marco |
| 260 |
_aBogotá _bLibros Hidalgo _c2010 |
||
| 300 |
_a556 p. _c18 cm. |
||
| 504 | _aIncluye bibliografía (p. 15-16). | ||
| 534 | _tOrigin of especies by means of organic affinity. | ||
| 650 | 2 | 4 |
_aEvolución (Biología) _9998 |
| 650 | 2 | 4 |
_aEvolución _9999 |
| 650 | 2 | 4 |
_aOrigen de las especies _9997 |
| 650 | 2 | 4 |
_aSelección natural _91000 |
| 700 | 1 |
_aMarco, José P. _eTr. _91001 |
|
| 942 |
_2ddc _cBK |
||
| 999 |
_c12169 _d12169 |
||